Maailman seuratuimmat hautajaiset - Statistics

Yleistilastot
  • Tätä visaa on pelattu 131 kertaa
    93 viimeisimmän päivityksen jälkeen
  • Keskiarvotulos 9 / 20
Vastaustilastot
Seuraajia Vuosi Vastaus Vihje Maa % Oikein
>4 000 000 000 2022 Elisabet II monarkki Iso-Britannia
96%
41 500 000 1963 John F. Kennedy presidentti Yhdysvallat
78%
2 500 000 000 1997 prinsessa Diana kuninkaallinen Iso-Britannia
78%
3 000 000 000 2009 Michael Jackson pop-laulaja Yhdysvallat
72%
1 000 000 000 2016 Muhammad Ali nyrkkeilijä Yhdysvallat
61%
>1 000 000 2013 Nelson Mandela presidentti Etelä-Afrikka
60%
17 500 000 2018 George H.W. Bush presidentti Yhdysvallat
58%
>1 000 000 1997 äiti Teresa nunna Intia
54%
>100 000 000 1994 Ayrton Senna kilpa-autoilija Brasilia
54%
120 000 000 1968 Martin Luther King jr. aktivisti Yhdysvallat
54%
350 000 000 1965 Winston Churchill entinen pääministeri Iso-Britannia
54%
28 300 000 1994 Richard Nixon presidentti Yhdysvallat
39%
4 000 000 2013 Margaret Thatcher entinen pääministeri Iso-Britannia
38%
35 700 000 2004 Ronald Reagan presidentti Yhdysvallat
31%
2 000 000 000 2005 Johannes Paavali II paavi Vatikaani
21%
15 000 000 2006-2007 Gerald Ford presidentti Yhdysvallat
18%
>1 000 000 1934 Paul von Hindenburg presidentti Saksa
14%
>1 000 000 2017 Bhumibol Adulyadej monarkki Thaimaa
3%
15 000 000 2017 Johnny Hallyday rock-laulaja Ranska
0%
50 000 000 2021 Puneeth Rajkumar näyttelijä Intia
0%
Ehtoja vastaavia visoja ei löytynyt
Tulosjakauma
Jokaisen tuloksen saaneiden osuus
Persentiili vastausten määrän mukaan
Tuloshistoriasi
Et ole pelannut tätä visaa sen viimeisimmän päivityksen jälkeen